| 000 | 00401nam a2200145 a 4500 | ||
|---|---|---|---|
| 001 | 229 | ||
| 003 | CDMR | ||
| 005 | 20130703113355.0 | ||
| 008 | 130130s2007||||||||||||||||||||||||||||d | ||
| 040 |
_aCDMR _bcat _cCPC GIRONA |
||
| 100 | 1 |
_aCardús, Salvador _9145 |
|
| 245 | 1 | 0 |
_aAnuari de l'opinió publicada 2005 _cCardús, Salvador |
| 260 |
_c2007 _bFundació Centre Documentació Política |
||
| 942 |
_cMON _2udc |
||
| 999 |
_c229 _d229 |
||